Statistics for National Flowers

Click here to take the quiz!

General Stats

  • This quiz has been taken 121 times
  • The average score is 8 of 30

Answer Stats

HintAnswer% Correct
EnglandRose
98%
NetherlandsTulip
75%
BangladeshWater lily
69%
WalesDaffodil
63%
DenmarkMarguerite Daisy
49%
EgyptLotus
48%
VenezuelaOrchid
47%
UkraineSunflower
44%
ScotlandThistle
44%
BelgiumRed poppy
35%
FranceIris
34%
AustriaEdelweiss
32%
SpainRed carnation
31%
SyriaJasmine
27%
JapanChrysanthemum
23%
AustraliaGolden wattle
19%
TahitiGardenia
13%
GermanyKnapweed
11%
RussiaCamomile
4%
New ZealandKowhai
4%
San MarinoCyclamen
3%
BelarusFlax
3%
YemenArabian Coffee
2%
ArgentinaCeibo
2%
SwedenLinnea
2%
LiberiaPepper flower
2%
ThailandRatchaphruek
2%
MadagascarPoinciana
1%
Isle of ManRagwort
1%
TongaRed-blossomed heilala
0%

Score Distribution

Percentile by Number Answered

Percent of People with Each Score

Your Score History

You have not taken this quiz